Quick Pick: Big or Small? Quiz Stats

Quiz Updated Jun 14, 2016

Challenge
Share
Tweet
Embed
Score 0/8 Timer 01:00
2 Plays Today
% Correct
Colossal
98.8%
Jumbo
98.5%
Voluminous
97.6%
Hefty
97%
Vast
97%
Commodious
95.2%
Prodigious
94.9%
Ample
93.8%

Today's Daily Dose

Word Ladder
Antonym Clues II

Quick Pick
Movies of 2014

On This Day
April 24th II

You're not logged in!

Compare scores with friends on all Sporcle quizzes.
Sign Up with Email
OR
Log In

You Might Also Like...

Show Comments

Extras

Top Quizzes Today


Score Distribution

Your Account Isn't Verified!

In order to create a playlist on Sporcle, you need to verify the email address you used during registration. Go to your Sporcle Settings to finish the process.

Report this User

Report this user for behavior that violates our Community Guidelines.

Details: